00724nac a22002051u 4500010001600000020001500016082001500031090001500046100003400061245007800095250001200173260004000185300005700225504005100282650001500333700002100348942001700369999001500386952011700401 a 93074232 a003098927200a330bB3488 c4274d4274 aBaumol, William J. 10aEconomics :bprinciples and policy /cWilliam J. Baumol, Alan S. Blinder. a6th ed. aFort Worth :bDryden Press,cc1994. a1 v. (various pagings) :bill. (some col.) ;c27 cm. aIncludes bibliographical references and index. 0aEconomics.1 aBlinder, Alan S. cBBk330B3488 c4274d4274 00104070aMAINbMAINc1STd2007-09-02ePurchasel2m1o330 BAUp000005191r2025-07-15 00:00:00s2019-11-04yBB